| 000 | 01050cam a2200325 a 4500 | ||
|---|---|---|---|
| 001 | 12111415 | ||
| 003 | OSt | ||
| 005 | 20140310184439.0 | ||
| 008 | 000718s1999 nyua b 000 1 eng d | ||
| 010 | _a 00698132 | ||
| 020 | _a0590108409 (pbk.) | ||
| 035 | _a(OCoLC)ocm42189527 | ||
| 040 |
_aBKL _cBKL _dDLC |
||
| 042 |
_alccopycat _alcac |
||
| 050 | 0 | 0 |
_aPZ 7 _b.Ab131Mis 1999 |
| 082 | 0 | 0 | _a[Fic] |
| 100 | 1 |
_aAbbott, Tony, _d1952- _924144 |
|
| 245 | 1 | 4 |
_aThe mysterious island / _cby Tony Abbott ; illustrated by David Merrell ; cover illustration by Tim Jessell. |
| 260 |
_aNew York : _bScholastic, _c1999 |
||
| 300 |
_a85 p. : _bill. ; _c20 cm. |
||
| 490 | 1 |
_aSecrets of Droon ; _v#3 |
|
| 500 | _a"A Little Apple paperback." | ||
| 521 | 0 | _aG2 | |
| 526 | _c460 | ||
| 700 | 1 |
_aMerrell, David, _d1973- _eill. _924145 |
|
| 800 | 1 |
_aAbbott, Tony, _d1952- _tSecrets of Droon ; _v#3. _924146 |
|
| 906 |
_a7 _bcbc _ccopycat _d2 _encip _f20 _gy-gencatlg |
||
| 942 |
_2lcc _cBK-SCHOLAS |
||
| 999 |
_c34428 _d34428 |
||